000 00652nam a2200181Ia 4500
008 090123s9999 xx 000 0 und d
082 _b32293
_a891.463/गांगुर्डे
100 _aगांगुर्डे विश्वास
245 _aन उलगडणारी नाती
250 _a0
260 _bसमाधी प्रकाशन
300 _a161
600 _aगांगुर्डे विश्वास
630 _aन उलगडणारी नाती
700 _aगांगुर्डे विश्वास
730 _aन उलगडणारी नाती
942 _cBOOK
999 _c70352
_d70352